| 000 | 00728nam a2200229Ia 4500 | ||
|---|---|---|---|
| 005 | 20250508164650.0 | ||
| 008 | 008 250505s9999 xx 000 0 eng d | ||
| 020 | _a978-81-89884-09-3 | ||
| 037 | _aTextual | ||
| 040 |
_aFEDL _beng _cFEDL |
||
| 041 |
_aeng _2eng |
||
| 084 |
_a307.72, BAV _qFEDL |
||
| 100 |
_aBaviskar BS Ed. _9778797 |
||
| 245 | 0 | _aInclusion and exclusion in local governance: Field studies from rural India | |
| 260 |
_aNew Delhi, India _bSage Publications India Pvt Ltd _c2009 |
||
| 300 | _axiv,453p. | ||
| 365 |
_aINR _b750 |
||
| 650 |
_aPanchayati raj; Sociology - Rural _9778798 |
||
| 700 |
_a Mathew George Ed. _9778799 |
||
| 942 |
_cTEXL _h307.72, BAV |
||
| 999 |
_c1390434 _d1390434 |
||